00696cam a2200205 a 45000010005000000030009000050050017000140080041000310200036000720400028001080820022001361000026001582450062001842600031002463000046002774900063003235040053003866500026004396500025004654461BD-DhUAP20201208114805.0201208s1996 nyua b 001 0 eng  a047114858X (cloth : alk. paper) aDLCcDLCdBD-DhUAPbeng00a616.89156 AND2231 aAndreozzi, Lucille L.10aChild-centered family therapy /cby Lucille L. Andreozzi. aNew York :bWiley,cc1996. axxv, 374 pages :billustrations ;c26 cm. aWiley series in couples and family dynamics and treatment. aIncludes bibliographical references and indexes. 0aFamily psychotherapy. 0aChild psychotherapy.